000 00441nam a2200169Ia 4500
005 20240702092136.0
008 240126s9999 xx 000 0 und d
020 _a9789383506156
082 _a621 RAO;1 R
100 _aRao, P Raghuthama.
245 0 _aElements of mechanical engineering
260 _bSanguine Technical Publishers
_aBangalore
_c2014
300 _axvii, 262
440 _aNULL
650 _amechanical
942 _cPU
999 _c273794
_d273794